<?xml version="1.0" encoding="UTF-8"?><?xml-stylesheet type="text/xsl" href="static/style.xsl"?><OAI-PMH xmlns="http://www.openarchives.org/OAI/2.0/" xmlns:xsi="http://www.w3.org/2001/XMLSchema-instance" xsi:schemaLocation="http://www.openarchives.org/OAI/2.0/ http://www.openarchives.org/OAI/2.0/OAI-PMH.xsd"><responseDate>2026-06-03T08:20:06Z</responseDate><request verb="GetRecord" identifier="oai:riuma.uma.es:10630/38423" metadataPrefix="marc">https://riuma.uma.es/rest/oai/request</request><GetRecord><record><header><identifier>oai:riuma.uma.es:10630/38423</identifier><datestamp>2026-02-03T10:26:56Z</datestamp><setSpec>com_10630_1685</setSpec><setSpec>col_10630_38055</setSpec></header><metadata><record xmlns="http://www.loc.gov/MARC21/slim" xmlns:dcterms="http://purl.org/dc/terms/" xmlns:doc="http://www.lyncode.com/xoai" xmlns:xsi="http://www.w3.org/2001/XMLSchema-instance" xsi:schemaLocation="http://www.loc.gov/MARC21/slim http://www.loc.gov/standards/marcxml/schema/MARC21slim.xsd">
   <leader>00925njm 22002777a 4500</leader>
   <datafield ind2=" " ind1=" " tag="042">
      <subfield code="a">dc</subfield>
   </datafield>
   <datafield ind2=" " ind1=" " tag="720">
      <subfield code="a">Torrero Luna, Ángel</subfield>
      <subfield code="e">author</subfield>
   </datafield>
   <datafield ind2=" " ind1=" " tag="260">
      <subfield code="c">2023-09</subfield>
   </datafield>
   <datafield ind2=" " ind1=" " tag="520">
      <subfield code="a">El propósito de este TFG es instrumentalizar y automatizar la adquisición de datos de los montajes de prácticas de la asignatura Ingeniería Hidráulica, situados en el Laboratorio de Mecánica de Fluidos, de tal forma que en vez de apuntar manualmente los valores marcados por los indicadores analógicos (manómetros y rotámetros) existentes actualmente, se empleen sensores de caudal y presión y, gracias a una tarjeta de adquisición de datos, se monitoricen los resultados directamente en un PC a través de una interfaz diseñada específicamente para ello.&#xd;
Estas prácticas en concreto consisten principalmente en, mediante la medida de caudales y presiones en distintos puntos de los montajes, determinar la pérdida de carga provocada por distintos accesorios (codos, válvulas, etc.). Además, del mismo modo, también permiten medir el desempeño de la bomba centrífuga que hace circular el agua por la misma determinando la curva característica de la misma. También se ha aprovechado para instrumentalizar el control del variador de frecuencia que acciona el sistema de impulsión. Esto es de gran utilidad, ya que este método es más eficiente energéticamente a la hora de regular el caudal circulante por la instalación, permitiendo adecuar la curva de trabajo de la bomba a la situación de trabajo que se tenga en tiempo real.&#xd;
Con este fin se han instalado unos sensores electrónicos de presión y caudal que envían una señal a una tarjeta de adquisición de datos de National Instruments. Luego, esta convierte esa señal de analógica en digital y la envía a un ordenador. En el mismo, gracias al empleo del software LabVIEW, se ha implementado una aplicación con una interfaz gráfica con el fin de que resulte intuitivo para los estudiantes la toma de datos.</subfield>
   </datafield>
   <datafield ind1="8" ind2=" " tag="024">
      <subfield code="a">https://hdl.handle.net/10630/38423</subfield>
   </datafield>
   <datafield tag="653" ind2=" " ind1=" ">
      <subfield code="a">Ingeniería hidráulica - Trabajos fin de grado</subfield>
   </datafield>
   <datafield tag="653" ind2=" " ind1=" ">
      <subfield code="a">Detectores - Trabajos fin de grado</subfield>
   </datafield>
   <datafield ind2="0" ind1="0" tag="245">
      <subfield code="a">Mejora de instrumentación de las prácticas de ingeniería hidráulica mediante el uso de sensores digitales y del software LabVIEW</subfield>
   </datafield>
</record>
</metadata></record></GetRecord></OAI-PMH>